death bed (coffee for your head) - Powfu, beabadoobee (all lyrics) - Statistics

General Stats
  • This quiz has been taken 44 times
  • The average score is 319 of 445
Answer Stats
Answer % Correct
a
100%
do
100%
Don't
100%
don't
100%
for
100%
stay
100%
you
100%
You
100%
coffee
96%
your
96%
cup
91%
go
91%
head
91%
I
91%
I'll
91%
of
91%
awake
87%
be
87%
bed
87%
make
87%
to
87%
and
83%
And
83%
get
83%
long,
83%
too
83%
up
83%
When
78%
away
74%
out
74%
the
70%
wanna
70%
asleep,
65%
asleep
65%
fall
65%
going
65%
we
65%
it
61%
so
61%
our
57%
pass
57%
with
57%
Yeah,
57%
yeah,
57%
been
52%
but
52%
future,
52%
have
52%
me,
52%
me
52%
never
52%
on
52%
see
52%
that
52%
'cause
48%
'Cause,
48%
days
48%
done
48%
haven't
48%
his
48%
I'm
48%
in
48%
my
48%
My
48%
son
48%
still
48%
thinking
48%
this
48%
those
48%
watch
48%
won't
48%
could
43%
got
43%
husband
43%
know
43%
much
43%
there's
43%
time
43%
would
43%
you'll
43%
young,
43%
you've
43%
always
39%
at
39%
deserve
39%
every
39%
family,
39%
Getting
39%
has
39%
Heaven,
39%
if
39%
It'll
39%
married,
39%
not
39%
start
39%
walking
39%
were
39%
why
39%
wish
39%
1:03
35%
all
35%
arms
35%
bark
35%
best,
35%
Earth,
35%
exactly
35%
forgiveness,
35%
Happy
35%
happy
35%
health
35%
heard
35%
here
35%
hoping
35%
into
35%
it's
35%
jump
35%
leave
35%
lose
35%
many
35%
park
35%
perfect
35%
praying
35%
probably
35%
sneak
35%
sorry
35%
Taking
35%
tear
35%
through
35%
videos
35%
was
35%
again
30%
alone,
30%
cheer
30%
church,
30%
Cuddle
30%
else
30%
find
30%
goofy
30%
happened,
30%
hope
30%
kinda
30%
kitchen
30%
life
30%
movie
30%
once
30%
sheets
30%
short,
30%
someone
30%
Soon
30%
sound
30%
Sundays,
30%
tried
30%
younger,
30%
blessings
26%
ending
26%
mine,
26%
Mondays,
26%
sing
26%
sucks
26%
watched
26%
went
26%
No matching quizzes found
Score Distribution
Percent of People with Each Score
Percentile by Number Answered
Your Score History
You have not taken this quiz